Score 0/10 Timer 10:00
0 Plays Today
% Correct
Bones
100%
Booth
99.8%
Angela
99.5%
Camille
99.5%
Daisy
99.5%
Clark
99.5%
Colin
99.3%
Sweets
99.3%
Hodgins
99.1%
Nigel-Murray
99.1%
Remove Ads.
Support Sporcle.
Get the best of Sporcle when you Go Orange. This ad-free experience offers more features, more stats, and more fun while also helping to support Sporcle. Thank you for becoming a member.

You're not logged in!

Compare scores with friends on all Sporcle quizzes.
OR
Log In

Show Comments

Extras

Top Quizzes Today


Score Distribution

Your Account Isn't Verified!

In order to create a playlist on Sporcle, you need to verify the email address you used during registration. Go to your Sporcle Settings to finish the process.

Report this User

Report this user for behavior that violates our Community Guidelines.

Details: